| 000 | 01118cam a22003617a 4500 | ||
|---|---|---|---|
| 003 | CHAP | ||
| 005 | 20220817043131.0 | ||
| 008 | 971013s1982 r 00010 d | ||
| 010 | _a66471 | ||
| 011 | _a67443 | ||
| 035 | _a76913 | ||
| 040 | _cCHAP | ||
| 090 | _aFolleto 10632 | ||
| 100 | 0 | 0 |
_aLallez, Raymond. _964523 |
| 245 | 1 | 3 | _aLa formación de los formadores de personal docente |
| 260 |
_aParis : _bUNESCO, _c1982 |
||
| 300 | _a50 p. | ||
| 490 | 0 |
_aEstudios y documentos de educación _v; 43 |
|
| 590 |
_aBATCH-UPD _b10 _c20130110 _lUCH01 _h0127 |
||
| 590 |
_aBATCH-UPD _b10 _c20130110 _lUCH01 _h1801 |
||
| 590 |
_aBATCH-UPD _b10 _c20130409 _lUCH01 _h2122 |
||
| 590 |
_aBATCH-UPD _b10 _c20130410 _lUCH01 _h1137 |
||
| 590 |
_aBATCH-UPD _b10 _c20130914 _lUCH01 _h1237 |
||
| 590 |
_aCONVERSION _b10 _c20130109 _lUCH01 _h1337 |
||
| 650 | 1 | 4 |
_aEducación. _935409 |
| 650 | 1 | 4 |
_aEnseñanza. _937085 |
| 650 | 1 | 4 |
_aMaestros. _969754 |
| 710 | _aUNESCO | ||
| 830 | 0 |
_aEstudios y documentos de educación _v; 43 _938562 |
|
| 901 | _aBK | ||
| 942 | _cFOLL | ||
| 949 |
_aFolleto 10632 _bBC _cFOLL _d-29772 _eTS1 _gI.c/e _i76913 _si |
||
| 999 |
_c66471 _d66471 |
||